000
00250nam a22000977a 4500
999
_c
10936
_d
10936
008
180411b ||||| |||| 00| 0 eng d
020
_a
9788193294475
100
_a
Jain Priyanka
_9
6742
245
_a
A Book of Computers-VIII
260
_a
New Delhi
_b
Cordova